01698nam a22002417a 450000500170000000800410001702000180005804000070007604100120008308200240009510000250011924500410014426000540018530000300023936500440026952008970031365000210121065000190123170000270125094200120127799900190128995201480130820220329144233.0220329b ||||| |||| 00| 0 eng d a9780143457435 cAL aEnglish 223bTUMIa304.80954 aChinmay Tumbe926485 aIndia Moving: A History of Migration aHaryanabPenguin Random House India Pvt.Ltdc2022 axix,285 p.bPBc21x13 cm. aDEL5-593110c₹d₹339.00f21-03-2022 aFrom adventure to indenture, martyrs to merchants, Partition to plantation, from Kashmir to Kerala, Japan to Jamaica and beyond, the many facets of the great migrations of India and the world are mapped in India Moving, the first book of its kind. To understand how millions of people have moved-from, to and within India-the book embarks on a journey laced with evidence, argument and wit, providing insights into topics like the slave trade and migration of workers, travelling business communities such as the Marwaris, Gujaratis and Chettiars, refugee crises and the roots of contemporary mass migration from Bihar and Kerala, covering terrain that often includes diverse items such as mangoes, dosas and pressure cookers. India Moving shows the scale and variety of Indian migration and argues that greater mobility is a prerequisite for maintaining the country's pluralistic traditions. aMigration926486 aHistory926487 aTUMBE (Chinmay)926449 2ddccBK c222085d222085 00102ddc40708SOCaALbALd2022-03-28eamazon.ing339.00l2o304.80954 TUMIp075724r2024-04-01 00:00:00s2023-12-02v599.00w2022-03-29yBK